A New approach to thesis writing: (Record no. 276577)
[ view plain ]
| 000 -LEADER | |
|---|---|
| fixed length control field | 00332nam a2200121 a 4500 |
| 005 - DATE AND TIME OF LATEST TRANSACTION | |
| control field | 20141022142007.0 |
| 008 - FIXED-LENGTH DATA ELEMENTS--GENERAL INFORMATION | |
| fixed length control field | 110309s19uu xx 00 eng d |
| 050 ## - LIBRARY OF CONGRESS CALL NUMBER | |
| Classification number | VCD |
| Item number | M54 200? |
| 100 ## - MAIN ENTRY--PERSONAL NAME | |
| Personal name | Mercado, Cesar |
| 245 ## - TITLE STATEMENT | |
| Title | A New approach to thesis writing: |
| Remainder of title | simplifying social research. |
| 650 ## - SUBJECT ADDED ENTRY--TOPICAL TERM | |
| Topical term or geographic name as entry element | Writing thesis. |
| 942 ## - ADDED ENTRY ELEMENTS (KOHA) | |
| Koha item type | Audio Visual Materials |
| Withdrawn status | Lost status | Damaged status | Use restrictions | Home library | Current library | Shelving location | Date acquired | Source of acquisition | Cost, normal purchase price | Total Checkouts | Full call number | Barcode | Date last seen | Price effective from | Koha item type |
|---|---|---|---|---|---|---|---|---|---|---|---|---|---|---|---|
| College Library | College Library | Audio Visual Material Section | 03/09/2011 | 200.00 | VCD M54 200? | AVM00179 | 11/11/2014 | 04/12/2014 | Audio Visual Materials |